00360nam a22001217a 4500020000800000040001600008082001600024100001900040245008500059250002400144260003200168300003800200 qPB. cFizza Ishaq a378.17bBIS aBishop, Joyce. aKeys to Effective Learning: Study Skills and Habits for Success /cJoyce Bishop. a5th Custom Edition. aNew York :bPearson,c2011. a378 p, ;c0.7 x 8.5 x 10.8 inches